000 00715nam a2200289Ia 4500
005 20260324121754.0
008 008 260324s9999 xx 000 0 eng d
020 _a9780203734186
037 _aEBOOK
040 _aCRL
040 _beng
040 _cCRL
041 _2eng
041 _aeng
084 _qCRL
100 _aNoureddine Jebnoun; Mehrdad Kia; Mimi Kirk
_91163820
245 0 _aModern Middle East Authoritarianism
245 0 _bRoots, Ramifications, and Crisis
260 _bTaylor and Francis
260 _c2013
365 _a
365 _b240
856 _uhttp://www.taylorfrancis.com/books/9780203734186
942 _cEBOOK
999 _c1756119
_d1756119